Kvalita získavania, spracovania a distribúcie informácií v znalostnej spoločnosti

Kvalitná práca s informáciami, dátami a znalosťami ako jedna z najdôležitejších konkurenčných výhod podniku. Definície pojmov informačný šum a znalosti. Kritériá pri výbere informačných systémov. Kvalita informačného systému.

Uložené v:
Podrobná bibliografia
Hlavný autor: Ferencz, Vojtech
Ďalší autori: Dugas, Jaroslav, 1967-
Médium: Kapitola
Jazyk:Slovak
Predmet:
Tagy: Pridať tag
Žiadne tagy, Buďte prvý, kto otaguje tento záznam!

MARC

LEADER 00000naa$a2200000$$$4500
001 0248734
005 20240502073958.6
041 0 |a slo 
044 |a SK 
245 1 0 |a Kvalita získavania, spracovania a distribúcie informácií v znalostnej spoločnosti  |c Vojtech Ferencz, Jaroslav Dugas 
520 |a Kvalitná práca s informáciami, dátami a znalosťami ako jedna z najdôležitejších konkurenčných výhod podniku. Definície pojmov informačný šum a znalosti. Kritériá pri výbere informačných systémov. Kvalita informačného systému. 
610 2 0 |a informácie 
610 2 0 |a vedomosti 
610 2 0 |a dáta 
610 2 0 |a spoločnosť vedomostná 
610 2 0 |a systémy informačné 
610 2 0 |a kvalita 
100 1 |a Ferencz, Vojtech 
700 1 |a Dugas, Jaroslav, 1967-